Pokédex Einträge (Gen3) - Statistiken

Allgemein
  • Dieses Quiz wurde 16 mal gespielt
  • Das Durchschnittsergebnis liegt bei 12 aus 15
Antwortstatistiken
Frage Antwort % Korrekt
... lebt in dichten Wäldern. Manchmal wagt es sich aus dem Wald heraus, um Menschen zu erschrecken. Dieses POKéMON mag es überhaupt nicht, wenn man seine lange Nase zwickt. (Rubin Edition) Blanas
100%
Auf ... Körper befinden sich knochenähnliche Auswüchse. Sein Panzer ist sehr hart und wehrt jeden Angriff eines Gegners ab. Während es auf seine Entwicklung wartet, versteckt es sich in einer Höhle. (Saphier Edition) Draschel
100%
... verändert seine Körperfärbung, um sich seiner Umgebung anzupassen. Dadurch kann es sich prima an seine ahnungslose Beute anschleichen. Es schlägt mit seiner dehnbaren, langen Zunge aus und fängt sie. (Saphier Edition) Kecleon
100%
... Körper ist mit einem klebrigen Film überzogen, durch den es an Land überleben kann. Dieses POKéMON spielt bei Ebbe in den Schlammpfützen am Strand. (Rubin Edition) Moorabbel
100%
... schaufelt sich auf der Suche nach Kohle durch die Berge. Wenn es welche findet, füllt es die Hohlräume seines Panzers mit Kohle und verbrennt diese. Wenn es angegriffen wird, stößt es dicken schwarzen Rauch aus. (Rubin Edition) Qurtel
100%
... Körper besteht zum größten Teil aus seinem Magen. Sein Herz und sein Gehirn sind im Vergleich dazu sehr klein. Der Magen dieses POKéMON enthält Enzyme, die alles zersetzen können. (Saphier Edition) Schluppuck
100%
Dieses POKéMON taucht in einem steilen Winkel ab, sobald es Beute wahrgenommen hat. Es packt seine Beute mit seinen Krallen und lässt sie nicht mehr entkommen. (Rubin Edition) Schwalboss
100%
... segelt lautlos durch die Lüfte. Es verankert sich mit Hilfe der Krallen an seinen Hinterbeinen und der riesigen Scheren an seinen Vorderbeinen am Gesicht eines Feindes fest und vergiftet ihn mit seinem Giftstachel. (Rubin und Saphir) Skorgla
100%
... hat die Fähigkeit, die Emotionen von Menschen wahrzunehmen. Wenn sein TRAINER gute Laune hat, ist dieses POKéMON ebenfalls fröhlich. (Rubin Edition) Trasla
100%
Der Farbton seiner Blütenblätter wird im Sonnenlicht intensiver. Bei bewölktem Himmel tanzt es eine Art Ritual, um die Sonne zu beschwören. (Rubin und Saphir) Blubella
75%
... wächst, indem es sich von düsteren Gefühlen wie Rachsucht und Neid ernährt. Es streift durch Städte und sucht nach Empfindungen, die als Ursache für den Verderb der Menschen gelten. (Saphier Edition) Shuppet
75%
Dieses POKéMON kommt aus der Zukunft und ist durch die Zeit gereist. Solange ... auftaucht, ist der Menschheit angeblich eine rosige Zukunft beschieden. (Rubin und Saphir) Celebi
50%
... tarnt sich als Baum, um Angriffen von Feinden aus dem Weg zu gehen. Da seine Vorderbeine aber das ganze Jahr über grün bleiben, fällt seine Tarnung im Winter leicht auf. (Rubin und Saphir) Mogelbaum
50%
Wenn ... einen Feind mit seinen Kiefern eingeklemmt hat, lässt es ihn nicht mehr los. Da seine Zahnspitzen wie Angelhaken gebogen sind, kann man sie nicht mehr entfernen, wenn sie sich verfangen haben. (Rubin und Saphir) Tyracroc
25%
Wenn jemand ... Revier betritt, schwärmt es aus und schnappt mit seinen spitzen Zähnen nach dem Eindringling. Wenn es allein ist, ist dieses POKéMON sehr scheu. Kanivanha
0%
Keine übereinstimmenden Quizze gefunden
Verteilung der Resultate
Anzahl Personen mit jedem Resultat
Perzentil nach korrekt beantworteten Fragen
Ihre Resultats-Entwicklung
Sie haben dieses Quiz noch nicht gespielt